Laura y la tripita de mamá / (Registro nro. 2550)

Detalles MARC
000 -CABECERA
Longitud fija campo de control 00866nam a2200265 a 4500
003 - • IDENTIFICADOR DELl NÚMERO DE CONTROL
Identificador del número de control CO-ViMGA
008 - • CÓDIGOS DE INFORMACIÓN DE LONGITUD FIJA
Códigos de información de longitud fija 141112s2004 ck r 000 u spa d
020 ## - • NÚMERO INTERNACIONAL NORMALIZADO PARA LIBROS
Número Internacional Normalizado para Libros (ISBN) 9789588654386
040 ## - FUENTE DE LA CATALOGACIÓN
Centro catalogador de origen CO-ViMGA
Lengua de catalogación spa
Centro transcriptor CO-ViMGA
041 ## - • CÓDIGO DE LENGUA
Código de lengua del texto/banda sonora o título independiente SPA
100 1# - • PUNTO DE ACCESO PRINCIPAL-NOMBRE DE PERSONA
Nombre de persona Slegers, Liesbest, 1975 -
245 10 - • TITULO PROPIAMENTE DICHO
Título Laura y la tripita de mamá /
Mención de responsabilidad, etc. texto e ilustración Liesbet Slegers ; traducción Miriam Lozano
250 ## - • MENCIÓN DE EDICIÓN
Mención de edición 6a ed.
300 ## - • DESCRIPCIÓN FÍSICA
Extensión 24p. : il. col.
500 ## - • NOTA GENERAL
Nota general Titulo original de la obra : Kaatje en mama's buik
650 14 - • PUNTO DE ACCESO ADICIONAL DE MATERIA - TÉRMINO DE MATERIA
Término de materia o nombre geográfico como elemento inicial DESDE LOS 3 AÑOS
650 14 - • PUNTO DE ACCESO ADICIONAL DE MATERIA - TÉRMINO DE MATERIA
Término de materia o nombre geográfico como elemento inicial INFANCIA - LIBROS DE IMAGENES
650 14 - • PUNTO DE ACCESO ADICIONAL DE MATERIA - TÉRMINO DE MATERIA
Término de materia o nombre geográfico como elemento inicial NACIMIENTO DE UN HERMANO - LIBROS DE IMAGENES
700 1# - • PUNTO DE ACCESO ADICIONAL - NOMBRE DE PERSONA
Nombre de persona Lozano, Miriam
700 1# - • PUNTO DE ACCESO ADICIONAL - NOMBRE DE PERSONA
Nombre de persona Slegers, Liesbest, 1975 -
942 ## - ENTRADA DE ELEMENTOS AGREGADOS (KOHA)
Fuente de clasificaión o esquema Dewey Decimal Classification
Koha [por defecto] tipo de item LIbro
Existencias
Perdido Fuente de clasificación o esquema Estado Físico No para préstamo Forma de adquisición Localización permanente Localización actual Localización en estanterías Fecha adquisición Signatura completa Código de barras Fecha última consulta Número de copia Fecha del precio de reemplazo Tipo de item de Koha Préstamos totales Serie de enumeración / cronolog&íacute;a Note pública Fuente de adquisición Calificador de ubicación codificada
  Dewey Decimal Classification     Infantil Biblioteca Pública Cubarral Biblioteca Pública Cubarral Sala Infantil 07/25/2023 A SLE1 CUB00981 07/25/2023 Ej.1 07/25/2023 Libro Infantil          
  Dewey Decimal Classification     Infantil Biblioteca Pública Dorado Biblioteca Pública Dorado Sala Infantil 10/26/2023 A SLE1 DOR03115 10/26/2023 Ej.1 10/26/2023 LIbro          
  Dewey Decimal Classification     Colección General Biblioteca Pública San Carlos de Guaroa - Eduardo Carranza Biblioteca Pública San Carlos de Guaroa - Eduardo Carranza Sala Infantil 02/15/2023 A SLE1 SG00049 02/15/2023 Ej.1 02/15/2023 Libro Infantil          
        Colección Sala Infantil de Literatura Pocatil y Tilín Biblioteca Pública Departamental Eduardo Carranza - Villavicencio Biblioteca Pública Departamental Eduardo Carranza - Villavicencio Sala Infantil 02/25/2013 A SLE ECA21892 11/26/2024 Ej.1 11/26/2024 LIbro     16330 | 21115    
  Dewey Decimal Classification     Sala Infantil Segundo Piso Biblioteca Pública Germán Arciniegas - Villavicencio Biblioteca Pública Germán Arciniegas - Villavicencio   12/04/2015 A SLE1 25840 12/04/2015 Ej. 1 12/04/2015 LIbro   16/abr/2013      
  Dewey Decimal Classification     Infantil Biblioteca Pública Mapiripan Biblioteca Pública Mapiripan Sala Infantil 01/26/2024 A SLE1 MAP00003976 01/26/2024 Ej.1 01/26/2024 LIbro          
  Dewey Decimal Classification       Biblioteca Pública Mesetas - Franco lodo Poloxi Biblioteca Pública Mesetas - Franco lodo Poloxi Literatura 06/20/2024   MEOO113 06/20/2024 Ej.1 06/20/2024 LIbro          
  Dewey Decimal Classification     Infantil Biblioteca Pública Mesetas - Franco lodo Poloxi Biblioteca Pública Mesetas - Franco lodo Poloxi   03/18/2025 A SLE1 9789588654386 03/18/2025 Ej.1 03/18/2025 LIbro          
  Dewey Decimal Classification       Biblioteca Pública Puerto Rico Biblioteca Pública Puerto Rico Sala Infantil 07/05/2023 A SLE1 2410 PR000001330 07/05/2023 Ej.1 07/05/2023 Libro Infantil          
  Dewey Decimal Classification     Infantil Biblioteca Pública Rural El Yarí- vereda Playa Rica La Macarena Biblioteca Pública Rural El Yarí- vereda Playa Rica La Macarena Sala Infantil 11/08/2024   BPM'701 06/06/2025 Ej.1 06/06/2025 LIbro       ministerio de cultura BPM'701
  Dewey Decimal Classification     Infantil Biblioteca Pública San Juanito - Ernesto Maria Peña Romero Biblioteca Pública San Juanito - Ernesto Maria Peña Romero Sala Infantil 01/22/2024 A SLE1 SJU00281 01/22/2024 Ej.1 01/22/2024 LIbro          









Instituto Departamental de Cultura del Meta - Red Departamental de Bibliotecas Públicas del Meta.